|
|
|
|
| LEADER |
00709cam a2200193 a 4500 |
| 020 |
|
|
|a 9781847698476 (alk. paper)
|
| 020 |
|
|
|a 9781847698469 (pbk : alk. paper)
|
| 020 |
|
|
|a 9781847698483 (ebook)
|
| 082 |
0 |
0 |
|a 808.042 071 1
|b KEY
|
| 245 |
0 |
0 |
|a Key issues in creative writing /
|
| 260 |
|
|
|a Bristol ;
|a Buffalo :
|b Multilingual Matters,
|c 2013.
|
| 300 |
|
|
|a xxvi, 182 p. ;
|
| 490 |
0 |
|
|a New writing viewpoints;
|
| 650 |
|
0 |
|a Creative writing
|a Literature
|
| 700 |
1 |
|
|a Donnelly, Dianne.
|
| 700 |
1 |
|
|a Harper, Graeme.
|
| 942 |
|
|
|c BK
|
| 999 |
|
|
|c 37709
|d 37709
|
| 952 |
|
|
|0 0
|1 0
|4 0
|6 808_042000000000000_071_1_KEY
|7 0
|8 Stack
|9 39927
|a KUCL
|b KUCL
|c Stack
|d 2016-01-21
|l 1
|o 808.042 071 1 KEY
|p 37526
|r 2017-11-28
|s 2017-11-18
|w 2016-01-21
|y BK
|